000 00994cam a2200289 a 4500
001 15326985
003 NUST
005 20220706101356.0
008 080612s2009 nyu 000 1 eng
010 _a 2008026420
020 _a9780061239991 (acidfree paper)
020 _a0061239992 (acidfree paper)
035 _a(OCoLC)232391462
040 _aDLC
_cDLC
_dBTCTA
_dBAKER
_dOCLCG
_dYDXCP
_dC#P
_dBWX
_dWIQ
_dCDX
_dDLC
_dDLC
050 0 0 _aPR6104.U535
_bD39 2009
082 0 0 _a823.92
_bDUN
100 1 _aDuncan, Glen,
_d1965-
_98238
245 1 2 _aA day and a night and a day :
_ba novel /
_cGlen Duncan.
250 _a1st ed.
260 _aNew York, NY :
_bEcco,
_cc2009.
300 _a244 p. ;
_c22 cm.
650 0 _aQuestioning
_vFiction.
_98239
655 0 _aPsychological fiction.
906 _a7
_bcbc
_corignew
_d1
_eecip
_f20
_gy-gencatlg
942 _2ddc
_cBK
999 _c590281
_d590281